| 000 | 01053nam a2200205 i 4500 | ||
|---|---|---|---|
| 001 | 183625 | ||
| 003 | ES-MaACL | ||
| 005 | 20230906221932.0 | ||
| 008 | 140910s1883 sp b |||| | spa d | ||
| 110 | 2 |
_aComisión del Mapa Geológico de España. _93030 |
|
| 245 | 1 | 0 |
_aComisión del Mapa Geológico de España _b: su origen, visicitudes y circunstancias actuales : noticia y catálogos de los objetos presentados en la Exposición de Minería celebrada en Madrid en 1883. |
| 260 |
_aMadrid : _b[s.n.], _c1883 ( _fImp. de Manuel Tello) |
||
| 300 |
_a62 p., [4] h. de mapas ; _c25 cm. |
||
| 530 | _aDisponible en formato digital. | ||
| 610 | 2 | 4 |
_aComisión del Mapa Geológico de España. _93030 |
| 650 | 4 |
_aGeología- _zEspaña. _9138819 |
|
| 711 | 2 |
_aExposición Nacional de Minería, Artes Metalúrgicas, Cerámica, Cristalería y Aguas Minerales ( _d1883. _cMadrid) _9707 |
|
| 852 |
_aES-MaACL _jT-1107-F-2 _z.- Legado Federico de Botella y de Hornos |
||
| 856 |
_uhttp://bdh-rd.bne.es/viewer.vm?id=0000053840&page=1 _zBiblioteca Digital Hispánica |
||
| 999 |
_c183625 _d183625 |
||